Statistics for Football (soccer) manager by picture

Click here to take the quiz!

General Stats

  • This quiz has been taken 57 times
  • The average score is 12 of 16

Answer Stats

Answer % Correct
Jose Mourinho
100%
Frank Lampard
98%
Arsene Wenger
96%
Roy Hodgson
92%
Carlo Ancelotti
92%
Unai Emery
88%
Joachim Löw
88%
Diego Simeone
87%
Louis van Gaal
85%
Ronald Koeman
81%
Claudio Ranieri
75%
Luiz Felipe Scolari
73%
Roberto Martinez
60%
Otto Rehhagel
40%
Ernesto Valverde
38%
Oscar Tabarez
19%

Score Distribution

Percentile by Number Answered

Percent of People with Each Score

Your Score History

You have not taken this quiz